00391nam a2200109 a 4500001000500000005001700005008004100022050002100063245006400084999001900148952011400167414020140414131940.0090218s19uu xx 00 eng d aTR 170bL72 2004 aThe Little blue elephant :ba book about being open-minded. c112588d112588 00104050aMUbMUcTRd2009-02-18eLib. Fundl0oTR 170 L72 2004pM3929r2014-04-14 00:00:00w2014-04-14yBK